Modernizácia verejnej správy ako jeden z bodov Národného programu reforiem na rok 2013

Modernizácia štátnej správy prebehne reformou ESO zameranou na optimalizáciu úradov, čo by malo priniesť úsporu verejných financií, zefektívniť činnosti a priniesť lepšie služby občanom a podnikateľom.

Guardado en:
Detalles Bibliográficos
Autor principal: Neupauerová, Zuzana
Formato: Capítulo de libro
Lenguaje:eslovaco
Materias:
Etiquetas: Agregar Etiqueta
Sin Etiquetas, Sea el primero en etiquetar este registro!

MARC

LEADER 00000nla a2200000 4500
001 0170046
005 20240502072938.3
041 0 |a slo 
044 |a SK 
245 1 0 |a Modernizácia verejnej správy ako jeden z bodov Národného programu reforiem na rok 2013  |c Zuzana Neupauerová 
520 |a Modernizácia štátnej správy prebehne reformou ESO zameranou na optimalizáciu úradov, čo by malo priniesť úsporu verejných financií, zefektívniť činnosti a priniesť lepšie služby občanom a podnikateľom. 
610 2 0 |a správa štátna 
610 2 0 |a správa verejná 
610 2 0 |a modernizácia 
610 2 0 |a elektronizácia 
610 2 0 |a informatizácia 
610 2 0 |a zdroje ľudské 
610 2 0 |a reformy 
100 1 |a Neupauerová, Zuzana